000 00400nam a22001337a 4500
008 230704b xxu||||| |||| 00| 0 eng d
082 _a363.9
_bROS
100 _cJames E rosen
245 _aAfrica's population challenge: accelerating Progress in Reproductive health
260 _aWashington DC
_bPopulation Action International
_c1998
300 _a82p
700 _cShanti R. Conly
942 _2ddc
_cBK
999 _c3910
_d3910